• 首页
  • 本馆介绍
  • 公告通知
  • 最新文献
  • 馆藏检索
  • 电子资源
  • 读者导购
  • 参考咨询
  • 我的图书馆
  • 登录
  • 详细信息显示
  • 放入我的书架
  • 预约/预借图书
  • 作者相关作品
  • 分类相关作品
  • 丛书相关作品
  • 出版社相关作品

书目信息

  • 表格格式
  • 工作单格式
  • 卡片格式
题名:
中国古代服饰史
    
 
作者: 周锡保 著
分册:  
出版信息: 北京   中国戏剧出版社  1984.9
页数: 542页
开本: 26cm
丛书名:
单 册:
中图分类: J816-09
科图分类:
主题词: 戏剧--舞台艺术
电子资源:
ISBN:
000 00534nam0 2200193 45
001 0312221749
005 20031222171201.3
010    @dCNY12.50
100    @a20031222d1984 km y0chiy0120 ea
101    @achi
105    @a z 000yy
200 1  @a中国古代服饰史@AZhong Guo Gu Dai Fu Shi Shi@f周锡保著@FZhou Xi Bao Zhu
210    @a北京@c中国戏剧出版社@d1984.9
215    @a542页@d26cm
606 0  @a戏剧@x舞台艺术
690    @aJ816-09@v3
701 0  @a周锡保@4著
801    @aCN@bTSTCL@c20031222
905    @a213230@dJ816-09@e23@b212452@f1
    
    中国古代服饰史/周锡保著.-北京:中国戏剧出版社,1984.9
    542页;26cm
    
    
    ISBN :CNY12.50
    
●
相关链接 在E读中查询图书 在五车中查询图书 在当当中查询图书 在豆瓣中查询图书


正题名:中国古代服饰史     索取号:J816-09/23         预约/预借

序号 登录号 条形码 馆藏地/架位号 状态 备注
1 0212452   001223777   第一样本阅览室/ [索取号:J816-09/23] 在馆    
唐山师范学院图书馆 欢迎您!
大连网信软件有限公司© 版权所有